[Event "XXV Festival A"]
[Site "Arco ITA"]
[Date "2003.10.25"]
[Round "8"]
[White "Femiano, Andrea"]
[Black "Antoniacci, Riccardo"]
[Result "0-1"]
[WhiteElo "2146"]
[BlackElo "2041"]
[PlyCount "74"]
[EventDate "2003.10.18"]

1.e4 c5 2.Nf3 Nc6 3.d4 cxd4 4.Nxd4 g6 5.Nc3 Bg7 6.Be3 Nf6 7.Bc4 Qa5 8.Bb3 
Nxe4 9.Nb5 Nxc3 10.Nxc3 Bxc3+ 11.bxc3 Qxc3+ 12.Kf1 d6 13.Rc1 h5 14.Kg1 Bg4
15.Qd5 Be6 16.Qb5 O-O 17.Qg5 Qe5 18.Qh4 Bxb3 19.axb3 d5 20.c3 Qe4 21.Qg3 
d4 22.Bd2 Qe2 23.Qg5 Rad8 24.h3 Qe5 25.Qh4 Rd7 26.c4 d3 27.Re1 Qb2 28.Qg5 
Nd4 29.Kh2 Nxb3 30.Bf4 Qf6 31.Qh6 Qg7 32.Qg5 d2 33.Rd1 Rfd8 34.Qg3 Rd3 35.
f3 Nc1 36.Qf2 Qd4 37.Qh4 Ne2 0-1

[Event "XXV Festival A"]
[Site "Arco ITA"]
[Date "2003.10.25"]
[Round "8"]
[White "Isonzo, David"]
[Black "Happel, Hendrik A."]
[Result "1/2-1/2"]
[WhiteElo "2349"]
[BlackElo "2237"]
[PlyCount "112"]
[EventDate "2003.10.18"]

1.e4 e6 2.d4 d5 3.Nd2 c5 4.exd5 Qxd5 5.Ngf3 cxd4 6.Bc4 Qd6 7.O-O Nf6 8.Nb3
Nc6 9.Qe2 Be7 10.Bg5 O-O 11.Rad1 e5 12.h3 Be6 13.Bb5 Rac8 14.c3 Bxb3 15.
axb3 e4 16.Nxd4 Nxd4 17.Rxd4 Qe5 18.Bxf6 Qxf6 19.Qxe4 Rc7 20.b4 a6 21.Bc4 
Bd6 22.Rfd1 Re7 23.Qg4 Bc7 24.Rd7 Bb6 25.Qg3 Rfe8 26.Rxe7 Qxe7 27.Qf3 g6 
28.g3 Rd8 29.Rd5 Kg7 30.Kg2 Bc7 31.h4 b5 32.Rxd8 Bxd8 33.Bd5 a5 34.bxa5 
Bxa5 35.Qf4 b4 36.cxb4 Bxb4 37.Qd4+ f6 38.Qg4 Qd6 39.Qe4 Bc5 40.b3 Qb6 41.
Qe8 Qd6 42.Qf7+ Kh6 43.Qe6 Qxe6 44.Bxe6 g5 45.hxg5+ fxg5 46.f3 Kg6 47.Bd7 
Kf6 48.Kh3 h6 49.Be8 Kf5 50.Bb5 g4+ 51.fxg4+ Ke5 52.Kg2 Be3 53.Kf3 Bg5 54.
Be8 Kd5 55.Bf7+ Kc5 56.Ke4 Kb4 1/2-1/2

[Event "XXV Festival A"]
[Site "Arco ITA"]
[Date "2003.10.25"]
[Round "8"]
[White "Ivanov, Mikhail M."]
[Black "Wohl, Aleksandar H."]
[Result "0-1"]
[WhiteElo "2425"]
[BlackElo "2379"]
[PlyCount "92"]
[EventDate "2003.10.18"]

1.Nf3 b5 2.e4 Bb7 3.Bxb5 Bxe4 4.Nc3 Bb7 5.d4 Nf6 6.O-O e6 7.Ne2 Bxf3 8.
gxf3 c5 9.c3 Qb6 10.a4 Nc6 11.dxc5 Bxc5 12.Ng3 a6 13.Be2 a5 14.Rb1 O-O 15.
Bd2 Rab8 16.Bb5 Qc7 17.Qe2 Nd5 18.Kh1 Ne5 19.Rg1 Ng6 20.Nh5 Bd6 21.Rg2 f5 
22.Rbg1 Rf7 23.Bc1 Bf4 24.Qd1 Bxc1 25.Qxc1 Ndf4 26.Nxf4 Nxf4 27.Rg3 e5 28.
Qd2 d5 29.Re1 Rd8 30.Qe3 Re7 31.Qd2 d4 32.cxd4 Rxd4 33.Qc3 Qxc3 34.bxc3 
Rd2 35.Rc1 Rxf2 36.Kg1 Rd2 37.Re1 Kf7 38.h4 Kf6 39.Kf1 Re6 40.c4 Nd3 41.
Rb1 Rd6 42.Rg2 Rxg2 43.Kxg2 e4 44.fxe4 fxe4 45.Rf1+ Ke5 46.Rf7 Rg6+ 0-1

[Event "XXV Festival A"]
[Site "Arco ITA"]
[Date "2003.10.25"]
[Round "8"]
[White "Kort, Jacob"]
[Black "Visser, Eddy"]
[Result "0-1"]
[WhiteElo "2224"]
[BlackElo "2111"]
[PlyCount "66"]
[EventDate "2003.10.18"]

1.d4 d5 2.c4 e6 3.Nc3 c6 4.e3 f5 5.Bd3 Nf6 6.Nge2 Bd6 7.Qc2 Ne4 8.f3 Qh4+ 
9.g3 Nxg3 10.Nxg3 Bxg3+ 11.Kd1 O-O 12.Qg2 Bd6 13.Bd2 Rf7 14.Kc2 dxc4 15.
Bxc4 b5 16.Bb3 a5 17.a3 a4 18.Ba2 Na6 19.f4 Qe7 20.Nxb5 cxb5 21.Qxa8 Rf8 
22.Qf3 Bb7 23.d5 b4 24.axb4 Bxb4 25.Rhd1 Qc5+ 26.Kb1 Bxd2 27.Rxd2 Rc8 28.
Qd1 Nb4 29.e4 Kh8 30.Rd4 Ba6 31.Bc4 Bxc4 32.Ra3 Bb3 33.Rxb3 axb3 0-1

[Event "XXV Festival A"]
[Site "Arco ITA"]
[Date "2003.10.25"]
[Round "8"]
[White "Medancic, Rikard"]
[Black "Vink, Wim"]
[Result "1-0"]
[WhiteElo "2275"]
[BlackElo "2142"]
[PlyCount "119"]
[EventDate "2003.10.18"]

1.b3 d5 2.Bb2 Nf6 3.f4 g6 4.Nf3 Bg7 5.e3 c5 6.Be2 Nc6 7.O-O O-O 8.d3 Ng4 
9.Bxg7 Kxg7 10.Qc1 d4 11.e4 Ne3 12.Rf2 Ng4 13.Rf1 Ne3 14.Re1 Bg4 15.Nfd2 
Qd7 16.Nf1 Nxf1 17.Bxg4 Qxg4 18.Rxf1 Qd7 19.Nd2 f6 20.a3 b5 21.Qe1 e5 22.
f5 g5 23.Nf3 Kf7 24.Qg3 Rg8 25.Rfc1 Rac8 26.Qh3 Ke8 27.Qh6 Qg7 28.Qxg7 
Rxg7 29.Kf2 h5 30.Ng1 Kd7 31.Ne2 Kd6 32.Rf1 a6 33.h4 g4 34.Ng3 Rh7 35.Rfc1
Rcc7 36.Rab1 Nb8 37.Ke2 Nd7 38.Kd2 Rh8 39.c3 Rc6 40.Ra1 a5 41.Rc2 dxc3+ 
42.Rxc3 Ra6 43.Rac1 a4 44.b4 cxb4 45.axb4 Rg8 46.R1c2 Rh8 47.Kc1 Rh7 48.
Kb2 Rh8 49.Ka3 Rb6 50.Rc5 Rb7 51.Rc6+ Ke7 52.Rc8 Rb8 53.Rxb8 Rxb8 54.Rc6 
Rh8 55.Ne2 g3 56.Nc3 Rb8 57.Nd5+ Kf7 58.Re6 Rd8 59.Re7+ Kf8 60.Rh7 1-0

[Event "XXV Festival A"]
[Site "Arco ITA"]
[Date "2003.10.25"]
[Round "8"]
[White "Molzahn, Norbert"]
[Black "Rahls, Peter"]
[Result "1-0"]
[WhiteElo "2089"]
[BlackElo "2341"]
[PlyCount "71"]
[EventDate "2003.10.18"]

1.Nf3 c5 2.c4 g6 3.Nc3 Bg7 4.g3 Nc6 5.Bg2 e5 6.O-O Nge7 7.d3 O-O 8.Rb1 d6 
9.a3 a5 10.Ne1 Be6 11.Nd5 h6 12.Nc2 f5 13.b4 axb4 14.axb4 Bxd5 15.cxd5 
Nxb4 16.Nxb4 cxb4 17.Qb3 Qd7 18.Qxb4 Rfb8 19.Qb5 Qd8 20.Be3 Nc8 21.Bb6 
Nxb6 22.Qxb6 Qxb6 23.Rxb6 Bf8 24.Rfb1 Ra7 25.f4 exf4 26.gxf4 Kf7 27.Kf1 g5
28.fxg5 hxg5 29.e4 fxe4 30.dxe4 Kf6 31.Bh3 Ke5 32.Bd7 Be7 33.Kg1 Bd8 34.
R6b4 Ba5 35.Rc4 b6 36.Rf1 1-0

[Event "XXV Festival A"]
[Site "Arco ITA"]
[Date "2003.10.25"]
[Round "8"]
[White "Ortega, Lexy"]
[Black "De Santis, Alessio"]
[Result "0-1"]
[WhiteElo "2462"]
[BlackElo "2272"]
[PlyCount "76"]
[EventDate "2003.10.18"]

1.d4 e6 2.e4 d5 3.Nc3 Nf6 4.e5 Nfd7 5.f4 c5 6.Nf3 Nc6 7.Be3 Qb6 8.Qd2 a6 
9.O-O-O Qa5 10.Kb1 c4 11.Ne2 Bb4 12.c3 Be7 13.g4 b5 14.f5 Nb6 15.f6 gxf6 
16.exf6 Bxf6 17.Bg5 Bxg5 18.Qxg5 b4 19.Qg7 Rf8 20.Ng5 Rb8 21.Nxh7 Nd7 22.
Rc1 Qb6 23.Rc2 a5 24.Nxf8 Nxf8 25.Bg2 a4 26.Rf1 Rb7 27.Bxd5 exd5 28.Nf4 
bxc3 29.Re2+ Ne7 30.h4 Qd6 31.h5 Rxb2+ 32.Rxb2 cxb2 33.Ng6 Nfxg6 34.Qxf7+ 
Kd8 35.hxg6 Qxg6+ 36.Qxg6 Nxg6 37.Rf6 Ne7 38.g5 a3 0-1

[Event "XXV Festival A"]
[Site "Arco ITA"]
[Date "2003.10.25"]
[Round "8"]
[White "Perich, Stefano"]
[Black "Giuriato, Sergio"]
[Result "1-0"]
[WhiteElo "1984"]
[BlackElo "2029"]
[PlyCount "107"]
[EventDate "2003.10.18"]

1.d4 Nf6 2.Nf3 e6 3.g3 d5 4.Bg2 Be7 5.O-O O-O 6.b3 b6 7.c4 Bb7 8.Bb2 dxc4 
9.bxc4 c5 10.e3 Nbd7 11.Nc3 cxd4 12.exd4 Rc8 13.Qe2 Qc7 14.Nd2 Bxg2 15.
Kxg2 Rfd8 16.Rac1 Qb7+ 17.f3 Qa6 18.a3 Bf8 19.f4 g6 20.Rfd1 Bg7 21.Kg1 Qb7
22.Nf3 Qa6 23.Nb5 Nf8 24.Ne5 Qb7 25.h3 a6 26.Nc3 N6d7 27.Ne4 Nf6 28.Nd2 
Rc7 29.Kh2 N8d7 30.Re1 Nxe5 31.fxe5 Ne8 32.Ne4 Rcd7 33.Rc2 Rxd4 34.Bxd4 
Rxd4 35.Nf2 Bf8 36.Rc3 h5 37.Rd1 Qd7 38.Rcd3 Rxd3 39.Qxd3 Qxd3 40.Rxd3 Bg7
41.Re3 Kf8 42.Kg2 Ke7 43.Kf3 Kd7 44.Ke4 Bf8 45.a4 Kc6 46.Nd3 f5+ 47.exf6 
Nd6+ 48.Kf3 Nxc4 49.Rxe6+ Kd7 50.Re1 Bd6 51.f7 Nd2+ 52.Kg2 b5 53.axb5 axb5
54.Re8 1-0

[Event "XXV Festival A"]
[Site "Arco ITA"]
[Date "2003.10.25"]
[Round "8"]
[White "Prakken, Gerrit"]
[Black "Van Rijn, Wouter"]
[Result "1-0"]
[WhiteElo "2249"]
[BlackElo "2252"]
[PlyCount "143"]
[EventDate "2003.10.18"]

1.d4 c6 2.c4 d5 3.Nc3 Nf6 4.e3 g6 5.Nf3 Bg7 6.Bd3 O-O 7.O-O Nbd7 8.b3 Re8 
9.Bb2 dxc4 10.Bxc4 Nb6 11.Bd3 Nbd5 12.h3 Nxc3 13.Bxc3 Nd5 14.Bb2 Qa5 15.
Qc1 Rd8 16.Rd1 Nb4 17.Be2 Bf5 18.a3 Nd5 19.Nd2 Bh6 20.Nc4 Qc7 21.b4 f6 22.
Bf3 Rac8 23.Nd2 Be6 24.Ne4 b6 25.Qc2 f5 26.Nc3 Qd6 27.Rac1 Kf7 28.Qb1 Nxc3
29.Bxc3 Bd5 30.Be2 b5 31.Be1 Qe6 32.Bd2 f4 33.Bg4 Qf6 34.Bxc8 Rxc8 35.exf4
Bxf4 36.Bxf4 Qxf4 37.Qd3 Rd8 38.Qe3 Qf6 39.Re1 Rd6 40.Qh6 Kg8 41.Re5 Bc4 
42.Rce1 e6 43.Qe3 Bd5 44.Qg3 Rd7 45.Qc3 Rf7 46.Qe3 Kg7 47.Rg5 Bc4 48.Qe5 
Rd7 49.Rg4 Qxe5 50.dxe5 Rd3 51.Rg3 Rd2 52.Rge3 Bd5 53.Rc1 Bc4 54.Rcc3 Rd1+
55.Kh2 Rd4 56.Kg3 g5 57.Rc2 h5 58.f3 h4+ 59.Kh2 Rd1 60.g3 hxg3+ 61.Kxg3 
Kg6 62.Rf2 Bd5 63.h4 gxh4+ 64.Kxh4 Rg1 65.Kh3 Kf5 66.Rg2 Kf4 67.Rxg1 Kxe3 
68.Kg4 Bxf3+ 69.Kg5 Kd2 70.Kf6 Bd5 71.Rg7 Kc3 72.Rxa7 1-0

[Event "XXV Festival A"]
[Site "Arco ITA"]
[Date "2003.10.25"]
[Round "8"]
[White "Ricci, Alfredo"]
[Black "Wagman, Stuart"]
[Result "0-1"]
[WhiteElo "2029"]
[BlackElo "2150"]
[PlyCount "116"]
[EventDate "2003.10.18"]

1.e4 c5 2.Nf3 d6 3.d4 cxd4 4.Nxd4 Nf6 5.Bd3 Nc6 6.Nxc6 bxc6 7.O-O e5 8.Kh1
Be7 9.Nc3 O-O 10.f4 exf4 11.Bxf4 Ng4 12.Qe1 Bh4 13.Qe2 Bf6 14.Qd2 Ne5 15.
Rad1 Qe7 16.Be2 Rd8 17.b3 Be6 18.Bf3 Rac8 19.Qe3 Ng6 20.Bg3 Be5 21.Bf2 Rc7
22.Ne2 Nh4 23.Bg3 Bxg3 24.hxg3 Ng6 25.Nf4 Ne5 26.Nxe6 Qxe6 27.Qg5 Re8 28.
Rd2 h6 29.Qf5 Rce7 30.Qxe6 Rxe6 31.Rfd1 Rd8 32.Kg1 Kf8 33.Rd4 Ke7 34.Rb4 
Rd7 35.Rb8 Rd8 36.Rb4 Rd7 37.Kf2 Rg6 38.Ra4 Rf6 39.Ke3 Rg6 40.Kf2 Rf6 41.
Ra6 Kd8 42.Rd4 Kc8 43.Rb4 Rb7 44.Rba4 Kb8 45.Ke3 Rg6 46.g4 Rf6 47.Be2 Re6 
48.b4 Ree7 49.Kf4 Rb6 50.b5 cxb5 51.Rxb6+ axb6 52.Bxb5 Rc7 53.Bd3 Rc5 54.
Rb4 Kc7 55.Rb2 Ra5 56.Be2 Ra3 57.Bf1 Ng6+ 58.Kf5 Ra5+ 0-1

[Event "XXV Festival A"]
[Site "Arco ITA"]
[Date "2003.10.25"]
[Round "8"]
[White "Roberti, Ignazio"]
[Black "Luciani, Carlo"]
[Result "0-1"]
[WhiteElo "1990"]
[BlackElo "2233"]
[PlyCount "104"]
[EventDate "2003.10.18"]

1.e4 e5 2.Nf3 Nc6 3.Bb5 a6 4.Ba4 d6 5.c3 Bd7 6.d3 Nf6 7.O-O g6 8.Nbd2 Bg7 
9.Re1 O-O 10.Nf1 h6 11.Rb1 Re8 12.Ne3 Rb8 13.b4 Qc8 14.Bc2 Nd8 15.a4 Ne6 
16.Nd5 Nxd5 17.exd5 Nf4 18.Bxf4 exf4 19.Rxe8+ Qxe8 20.c4 Qe7 21.Qd2 Qf6 
22.Kh1 g5 23.Qe2 Re8 24.Qf1 g4 25.Nd2 Qc3 26.Qd1 f5 27.f3 Bf6 28.fxg4 fxg4
29.Ne4 Qe5 30.Qe2 Bg7 31.b5 axb5 32.axb5 b6 33.Rd1 Qd4 34.Rf1 Rf8 35.Qf2 
Qxf2 36.Rxf2 Ra8 37.Rf1 Ra2 38.Bd1 Ra1 39.Be2 Ra2 40.Bd1 Be5 41.Nf2 h5 42.
Ne4 f3 43.Rf2 Ra1 44.Rf1 fxg2+ 45.Kxg2 Kg7 46.Ng3 h4 47.Ne2 Ra2 48.Kh1 Rd2
49.Rg1 Rxd3 50.Kg2 Rd2 51.Kf2 Bd4+ 52.Ke1 Rxe2+ 0-1

[Event "XXV Festival A"]
[Site "Arco ITA"]
[Date "2003.10.25"]
[Round "8"]
[White "Rossi, Giampiero"]
[Black "Papale, Carmelo"]
[Result "1-0"]
[WhiteElo "2040"]
[BlackElo "1740"]
[PlyCount "78"]
[EventDate "2003.10.18"]

1.d4 Nf6 2.c4 c5 3.dxc5 Qa5+ 4.Nc3 Qxc5 5.e4 e6 6.Be3 Qa5 7.f3 Nc6 8.Ne2 
a6 9.Qd2 b5 10.cxb5 axb5 11.b3 Bb4 12.Qc2 d5 13.exd5 Nxd5 14.Bd2 Ne5 15.
Nxd5 Bxd2+ 16.Kd1 exd5 17.Qxd2 O-O 18.Qxa5 Rxa5 19.Nd4 Bd7 20.Kc2 Rc8+ 21.
Kb2 b4 22.Be2 Rac5 23.Rac1 Rc3 24.Rxc3 Rxc3 25.Rd1 Rc8 26.Rc1 Kf8 27.Rxc8+
Bxc8 28.Nc2 Nc6 29.Bb5 Bb7 30.Bxc6 Bxc6 31.Nxb4 Bb7 32.Kc3 Ke7 33.Kd4 Kd6 
34.a4 g5 35.g3 f5 36.Nd3 Bc8 37.Ne5 Be6 38.a5 Kc7 39.b4 Kd6 1-0

[Event "XXV Festival A"]
[Site "Arco ITA"]
[Date "2003.10.25"]
[Round "8"]
[White "Rotstein, Arkadij"]
[Black "Korneev, Oleg"]
[Result "1/2-1/2"]
[WhiteElo "2533"]
[BlackElo "2559"]
[PlyCount "28"]
[EventDate "2003.10.18"]

1.d4 Nf6 2.c4 e6 3.g3 d5 4.Bg2 dxc4 5.Nf3 c6 6.Ne5 Bb4+ 7.Nc3 Nd5 8.Bd2 
Nb6 9.Ne4 a5 10.e3 O-O 11.Qc2 N8d7 12.Nxc4 Nxc4 13.Qxc4 Bxd2+ 14.Nxd2 e5 
1/2-1/2

[Event "XXV Festival A"]
[Site "Arco ITA"]
[Date "2003.10.25"]
[Round "8"]
[White "Sautto, Alessandra"]
[Black "Benaglia, Giovanni"]
[Result "1/2-1/2"]
[WhiteElo "1964"]
[BlackElo "2062"]
[PlyCount "70"]
[EventDate "2003.10.18"]

1.d4 f5 2.Nc3 Nf6 3.Bg5 d5 4.Nf3 e6 5.e3 Be7 6.Ne5 O-O 7.Bd3 b6 8.O-O Bb7 
9.Nb1 Nbd7 10.Nxd7 Qxd7 11.Nd2 Ne4 12.Bxe7 Qxe7 13.f4 c5 14.c3 a5 15.Nxe4 
fxe4 16.Be2 Ba6 17.Bxa6 Rxa6 18.Qe2 Ra7 19.a3 Rc7 20.Qd2 Rfc8 21.Rac1 Rc6 
22.Rf2 cxd4 23.Qxd4 Qc7 24.f5 Rc4 25.Qd2 Qe5 26.fxe6 Qxe6 27.Rcf1 R4c7 28.
Rf5 Rd7 29.Qd4 h6 30.Qd2 Rcc7 31.Rf8+ Kh7 32.Qf2 Kg6 33.Qg3+ Kh7 34.Qf2 
Kg6 35.Qg3+ Kh7 1/2-1/2

[Event "XXV Festival A"]
[Site "Arco ITA"]
[Date "2003.10.25"]
[Round "8"]
[White "Slobodjan, Roman"]
[Black "Grigore, George-Gabriel"]
[Result "1/2-1/2"]
[WhiteElo "2513"]
[BlackElo "2485"]
[PlyCount "52"]
[EventDate "2003.10.18"]

1.e4 c5 2.Nf3 Nc6 3.c3 d5 4.exd5 Qxd5 5.d4 e6 6.Be3 cxd4 7.cxd4 Nf6 8.Nc3 
Qd6 9.a3 Be7 10.Bd3 O-O 11.Qc2 Rd8 12.O-O Bd7 13.Rad1 Rac8 14.Qe2 h6 15.
Bb1 Bf8 16.Rfe1 Ne7 17.Ne5 Be8 18.Qf3 Ned5 19.Bc1 Rc7 20.Qg3 Kh8 21.Qh3 
Rdc8 22.Rd3 Qb6 23.Bc2 Qa5 24.Bd2 Qb6 25.Bc1 Qa5 26.Bd2 Qb6 1/2-1/2

[Event "XXV Festival A"]
[Site "Arco ITA"]
[Date "2003.10.25"]
[Round "8"]
[White "Stull, Norbert"]
[Black "Cardili, Mariano"]
[Result "1/2-1/2"]
[WhiteElo "2114"]
[BlackElo "1900"]
[PlyCount "88"]
[EventDate "2003.10.18"]

1.d4 d5 2.c4 c6 3.Nc3 Nf6 4.Nf3 dxc4 5.a4 Bf5 6.e3 e6 7.Bxc4 Bb4 8.O-O 
Nbd7 9.Qe2 Bg6 10.Rd1 O-O 11.Ne5 Qa5 12.Nxg6 hxg6 13.Bd2 Rfd8 14.Be1 Nb6 
15.Bb3 c5 16.dxc5 Qxc5 17.Rac1 Qa5 18.h3 Rac8 19.Qf3 Nfd5 20.Nxd5 Nxd5 21.
Bxb4 Qxb4 22.Rxc8 Rxc8 23.Bxd5 exd5 24.Rxd5 Qxa4 25.e4 Qa1+ 26.Kh2 Qxb2 
27.Rd7 Qf6 28.Qxf6 gxf6 29.Rxb7 a5 30.Ra7 Rc5 31.Kg3 f5 32.exf5 Rxf5 33.h4
Rb5 34.f3 Kg7 35.Ra6 Rc5 36.Kf2 f5 37.g4 fxg4 38.fxg4 Rb5 39.g5 Rc5 40.
Ra7+ Kg8 41.Kf3 Rc3+ 42.Ke4 Rc5 43.Kf4 Rb5 44.Ke4 Rc5 1/2-1/2

[Event "XXV Festival A"]
[Site "Arco ITA"]
[Date "2003.10.25"]
[Round "8"]
[White "Trauth, Michael"]
[Black "Dittmar, Peter"]
[Result "0-1"]
[WhiteElo "2202"]
[BlackElo "2356"]
[PlyCount "100"]
[EventDate "2003.10.18"]

1.Nf3 d5 2.c4 e6 3.g3 Nf6 4.Bg2 c6 5.b3 a5 6.Ba3 Bb4 7.O-O O-O 8.d3 Nbd7 
9.Qc2 Re8 10.Bb2 a4 11.a3 axb3 12.Qxb3 Bf8 13.Nbd2 Nc5 14.Qc2 Na4 15.Rfb1 
Nxb2 16.Qxb2 Nd7 17.d4 g6 18.a4 c5 19.e3 Bg7 20.Qb3 cxd4 21.exd4 Nf6 22.
Ne5 Re7 23.c5 Rc7 24.a5 Nd7 25.Nxd7 Qxd7 26.Nf3 Qd8 27.Qb6 Ra6 28.Qb4 Qe7 
29.Bf1 Ra8 30.Ra2 g5 31.Rc2 h6 32.Ne5 Bxe5 33.dxe5 Bd7 34.Qb6 Bc6 35.Ra1 
Qd7 36.Rca2 d4 37.a6 bxa6 38.Bg2 Bxg2 39.Kxg2 Qd5+ 40.f3 Qxc5 41.Qxc5 Rxc5
42.f4 d3 43.Kf3 a5 44.Rd2 Rd8 45.h4 gxh4 46.gxh4 Rd4 47.Ke3 Rcc4 48.Rxa5 
Re4+ 49.Kxd3 Rcd4+ 50.Kc3 Rxd2 0-1

[Event "XXV Festival A"]
[Site "Arco ITA"]
[Date "2003.10.25"]
[Round "8"]
[White "Traversi, Carlo"]
[Black "Lovati, Paolo"]
[Result "0-1"]
[WhiteElo "1856"]
[BlackElo "2089"]
[PlyCount "70"]
[EventDate "2003.10.18"]

1.e4 d6 2.d4 Nf6 3.Nc3 c6 4.h3 Nbd7 5.f4 e5 6.Nf3 Qa5 7.Bd2 exd4 8.Nxd4 
Qc7 9.Be2 g6 10.O-O Bg7 11.Kh1 O-O 12.Be3 Nc5 13.f5 Nfxe4 14.Nxe4 Nxe4 15.
Qe1 Be5 16.Kg1 Ng3 17.fxg6 hxg6 18.Rf2 Ne4 19.Rf3 d5 20.Qh4 a6 21.Bd3 c5 
22.Ne2 c4 23.Bxe4 dxe4 24.Rf4 f5 25.Bd4 Bxd4+ 26.Nxd4 Qg7 27.Qf2 g5 28.
Nxf5 Qf6 29.Qg3 Bxf5 30.Raf1 Qg6 31.R4f2 Rae8 32.Qe3 b5 33.Qc5 e3 34.Rxf5 
Rxf5 35.Rxf5 e2 0-1

[Event "XXV Festival A"]
[Site "Arco ITA"]
[Date "2003.10.25"]
[Round "8"]
[White "Vezzosi, Paolo"]
[Black "Drasko, Milan"]
[Result "1/2-1/2"]
[WhiteElo "2371"]
[BlackElo "2470"]
[PlyCount "26"]
[EventDate "2003.10.18"]

1.d4 e6 2.Nf3 Nf6 3.e3 b6 4.Bd3 Bb7 5.O-O d5 6.b3 Bd6 7.Bb2 O-O 8.Ne5 c5 
9.Nd2 Nc6 10.a3 Ne7 11.Qf3 a5 12.Qh3 Ng4 13.f4 cxd4 1/2-1/2

[Event "XXV Festival A"]
[Site "Arco ITA"]
[Date "2003.10.25"]
[Round "8"]
[White "Weinberg, Emanuele"]
[Black "Proietti, Giorgio"]
[Result "1-0"]
[WhiteElo "1939"]
[BlackElo "1891"]
[PlyCount "109"]
[EventDate "2003.10.18"]

1.d4 Nf6 2.c4 e5 3.dxe5 Ng4 4.Nf3 Bb4+ 5.Bd2 Bxd2+ 6.Qxd2 Qe7 7.Nc3 Nxe5 
8.Nxe5 Qxe5 9.e3 O-O 10.Be2 d6 11.O-O a5 12.Bf3 Qe8 13.Nb5 Qd7 14.Rfd1 Rd8
15.h3 Nc6 16.Rac1 b6 17.Nc3 Qe8 18.Nd5 Ra7 19.Be2 Ne5 20.e4 Be6 21.Qg5 
Bxd5 22.cxd5 h6 23.Qe3 Nd7 24.Bb5 Qe7 25.Bxd7 Qxd7 26.Rc6 f5 27.Rdc1 Re8 
28.f3 fxe4 29.fxe4 Qe7 30.R6c4 Rf8 31.Rf1 Rxf1+ 32.Kxf1 Ra8 33.a4 Qf6+ 34.
Qf2 Qxf2+ 35.Kxf2 Rf8+ 36.Ke2 Rf7 37.Rc3 Kf8 38.Rf3 Ke7 39.Ke3 Rf6 40.Kd3 
Rg6 41.g4 Rf6 42.Rxf6 Kxf6 43.h4 Ke5 44.Ke3 Kf6 45.Kf4 g5+ 46.hxg5+ hxg5+ 
47.Kf3 Kf7 48.Ke3 Ke7 49.Kd4 Kf6 50.e5+ dxe5+ 51.Ke4 Kf7 52.Kxe5 Ke7 53.
Kf5 Kd6 54.Kxg5 Kxd5 55.Kf6 1-0

[Event "XXV Festival A"]
[Site "Arco ITA"]
[Date "2003.10.25"]
[Round "8"]
[White "Wronn, Bernd"]
[Black "Diotallevi, Maurizio"]
[Result "1-0"]
[WhiteElo "2217"]
[BlackElo "2096"]
[PlyCount "73"]
[EventDate "2003.10.18"]

1.c4 e6 2.Nf3 d5 3.g3 Nf6 4.Bg2 Nbd7 5.O-O c6 6.d3 Be7 7.Nc3 O-O 8.e4 dxe4
9.dxe4 e5 10.a3 a5 11.Rb1 Qc7 12.b4 axb4 13.axb4 Re8 14.Nh4 Nf8 15.Nf5 Ne6
16.Be3 Bf8 17.Qe2 Ra3 18.Qb2 Ra8 19.Rbc1 Qb8 20.h3 Rd8 21.Ne2 Ra4 22.c5 
Ra8 23.f4 exf4 24.Nxf4 Qc7 25.Nxe6 fxe6 26.Bf4 Qd7 27.Nd6 Bxd6 28.Bxd6 b6 
29.e5 bxc5 30.Rxc5 Nd5 31.b5 cxb5 32.Rxd5 exd5 33.Bxd5+ Kh8 34.Bxa8 Qa7+ 
35.Qf2 Qxf2+ 36.Rxf2 Bxh3 37.Bc6 1-0

[Event "XXV Festival A"]
[Site "Arco ITA"]
[Date "2003.10.26"]
[Round "9"]
[White "Allegranti, Luca"]
[Black "Femiano, Andrea"]
[Result "1/2-1/2"]
[WhiteElo "1988"]
[BlackElo "2146"]
[PlyCount "137"]
[EventDate "2003.10.18"]

1.d4 Nf6 2.Nf3 e6 3.e3 b6 4.Bd3 Bb7 5.O-O c5 6.Nbd2 d6 7.Re1 Nbd7 8.b3 g6 
9.Bb2 Bg7 10.Nc4 Qc7 11.Rc1 Ne4 12.Bxe4 Bxe4 13.Ncd2 Bb7 14.c4 O-O 15.Qc2 
Nf6 16.e4 cxd4 17.Nxd4 a6 18.Qd3 Rfd8 19.Nf1 Rac8 20.Ne3 Qc5 21.f3 h5 22.
Ne2 Qg5 23.Bd4 Nd7 24.Bxg7 Kxg7 25.Nc3 Ne5 26.Qf1 Nc6 27.Rcd1 Na7 28.Qd3 
Kg8 29.Re2 b5 30.Red2 Rd7 31.Kf2 Rcd8 32.Qe2 b4 33.Na4 Bc6 34.Nb2 Bb7 35.
Rd3 Qe5 36.g3 f5 37.exf5 gxf5 38.Ng2 Qf6 39.Nf4 Kf7 40.R3d2 h4 41.c5 Nb5 
42.Na4 d5 43.Nd3 Kf8 44.Qe5 Qh6 45.Nf4 Kf7 46.Re2 Re7 47.g4 fxg4 48.fxg4 
d4 49.g5 Qh8 50.g6+ Kg8 51.Qxh8+ Kxh8 52.Rxe6 Rxe6 53.Nxe6 Rd5 54.Rd3 Rf5+
55.Kg1 Be4 56.Rh3 Kg8 57.Rxh4 Re5 58.Nf4 d3 59.Nxd3 Bxd3 60.Rxb4 Bxg6 61.
c6 Re7 62.Nc5 Nc3 63.Nxa6 Nd5 64.Rb8+ Kf7 65.Rb7 Ke6 66.b4 Kd6 67.Rxe7 
Kxe7 68.a4 Kd6 69.b5 1/2-1/2

[Event "XXV Festival A"]
[Site "Arco ITA"]
[Date "2003.10.26"]
[Round "9"]
[White "Antoniacci, Riccardo"]
[Black "Zucchelli, Massimo"]
[Result "0-1"]
[WhiteElo "2041"]
[BlackElo "2178"]
[PlyCount "83"]
[EventDate "2003.10.18"]

1.e4 e6 2.d3 d5 3.Nd2 Nf6 4.Ngf3 Nc6 5.g3 dxe4 6.dxe4 e5 7.Bg2 Bc5 8.O-O 
O-O 9.Qe2 b6 10.Rd1 Qe7 11.Nf1 Bg4 12.c3 Rad8 13.Bg5 h6 14.Bxf6 Qxf6 15.b4
Bd6 16.Ne3 Be6 17.a3 a5 18.Nd5 Qg6 19.b5 Bxd5 20.exd5 Na7 21.a4 Rde8 22.
Rd2 Nc8 23.Re1 f5 24.Qc4 Kh8 25.Rde2 Qf6 26.Nd4 Ne7 27.Ne6 Rg8 28.f4 e4 
29.Bh3 g5 30.fxg5 hxg5 31.Rf2 Nxd5 32.Qxd5 Qxe6 33.Rxf5 Qxd5 34.Rxd5 Bc5+ 
35.Kf1 e3 36.Bf5 Re7 37.Ke2 Kg7 38.Bg4 Kh6 39.Rf1 Rg6 40.Rf8 Re4 41.Rf7 
Rxg4 42.Rdd7 0-1

[Event "XXV Festival A"]
[Site "Arco ITA"]
[Date "2003.10.26"]
[Round "9"]
[White "Benaglia, Giovanni"]
[Black "Castellano, Alfonso"]
[Result "0-1"]
[WhiteElo "2062"]
[BlackElo "1854"]
[PlyCount "86"]
[EventDate "2003.10.18"]

1.d4 Nf6 2.Nf3 g6 3.Bg5 Bg7 4.Nbd2 d6 5.e3 Nbd7 6.Be2 O-O 7.O-O c5 8.c3 
Qc7 9.b4 b6 10.bxc5 bxc5 11.Qa4 Bb7 12.Rab1 Nb6 13.Qa3 Rfe8 14.Rb5 Bc6 15.
Ra5 Nfd7 16.Rb1 e5 17.dxe5 Nxe5 18.Bf4 Nxf3+ 19.gxf3 Nd5 20.Ne4 Nxf4 21.
exf4 d5 22.Ng3 c4 23.Rc5 Bf8 24.Qa5 Qd6 25.Rxc6 Qxc6 26.Bf1 f5 27.Ne2 Bc5 
28.Rb5 Bb6 29.Qb4 Rab8 30.Kg2 Bc7 31.Nd4 Rxb5 32.Nxc6 Rxb4 33.Nxb4 Rd8 34.
Nc6 Rd7 35.Kg3 a5 36.h4 Kg7 37.h5 g5 38.Nd4 Bxf4+ 39.Kh3 Kf6 40.Be2 Rb7 
41.Bd1 Rb2 42.a4 Rxf2 43.Bc2 Rh2# 0-1

[Event "XXV Festival A"]
[Site "Arco ITA"]
[Date "2003.10.26"]
[Round "9"]
[White "Crippa, Gabriele"]
[Black "Perich, Stefano"]
[Result "1-0"]
[WhiteElo "2129"]
[BlackElo "1984"]
[PlyCount "65"]
[EventDate "2003.10.18"]

1.d4 d5 2.Nf3 Nf6 3.Bf4 Bf5 4.e3 e6 5.c4 c6 6.Qb3 Qb6 7.c5 Qxb3 8.axb3 
Nbd7 9.Nc3 a6 10.b4 Rc8 11.h3 h6 12.Be2 Be7 13.Nd2 Bd8 14.Nb3 Bc7 15.Bxc7 
Rxc7 16.b5 O-O 17.b6 Rcc8 18.Na5 Rb8 19.O-O Rfc8 20.Nxb7 Rxb7 21.Bxa6 Rbb8
22.Bxc8 Rxc8 23.Ra7 Nb8 24.Rfa1 e5 25.Rc7 exd4 26.exd4 Kf8 27.b4 Be6 28.b5
cxb5 29.Rxc8+ Bxc8 30.Ra8 b4 31.Rxb8 bxc3 32.Rxc8+ Ke7 33.Ra8 1-0

[Event "XXV Festival A"]
[Site "Arco ITA"]
[Date "2003.10.26"]
[Round "9"]
[White "Dalponte, Dino"]
[Black "Weinberg, Emanuele"]
[Result "1-0"]
[WhiteElo "2134"]
[BlackElo "1939"]
[PlyCount "81"]
[EventDate "2003.10.18"]

1.d4 Nf6 2.Nf3 g6 3.c3 Bg7 4.Bg5 Ne4 5.Bh4 d5 6.Nbd2 f5 7.e3 Nd7 8.Bd3 
Ndf6 9.Ne5 Nxd2 10.Qxd2 Ne4 11.Qe2 Bf6 12.Bg3 c6 13.f3 Nd6 14.a3 Bd7 15.
O-O O-O 16.Rad1 Nf7 17.Nxf7 Rxf7 18.Be5 Bxe5 19.dxe5 Qc7 20.f4 c5 21.h4 e6
22.g4 Rg7 23.Kf2 Kh8 24.h5 gxh5 25.gxf5 Rag8 26.Rg1 Rxg1 27.Rxg1 Rxg1 28.
Kxg1 exf5 29.Qxh5 Qc8 30.Kf2 Be6 31.Qh6 Kg8 32.Qg5+ Kh8 33.Qf6+ Kg8 34.Qe7
Kh8 35.Bc2 a6 36.c4 Kg8 37.cxd5 Bxd5 38.Qg5+ Kh8 39.Qf6+ Kg8 40.Bxf5 Qc7 
41.e6 1-0

[Event "XXV Festival A"]
[Site "Arco ITA"]
[Date "2003.10.26"]
[Round "9"]
[White "De Napoli, Giuseppe"]
[Black "Rossi, Giampiero"]
[Result "1/2-1/2"]
[WhiteElo "2159"]
[BlackElo "2040"]
[PlyCount "87"]
[EventDate "2003.10.18"]

1.d4 d5 2.Nf3 c6 3.e3 Nf6 4.Bd3 e6 5.Nbd2 Nbd7 6.O-O Be7 7.Qe2 O-O 8.e4 
dxe4 9.Nxe4 b6 10.Bg5 Bb7 11.Rfe1 c5 12.Nxf6+ Bxf6 13.Bxf6 Qxf6 14.Ne5 
Nxe5 15.dxe5 Qg5 16.Be4 Bxe4 17.Qxe4 Rfd8 18.Rad1 Qg6 19.Qxg6 hxg6 20.Kf1 
Kf8 21.Ke2 Ke7 22.c4 Rxd1 23.Rxd1 Rd8 24.Rxd8 Kxd8 25.f4 Ke7 26.h4 Kd7 27.
Kf3 Ke7 28.Kg4 Kf8 29.Kg5 Ke7 30.g4 Ke8 31.h5 gxh5 32.Kxh5 Ke7 33.Kg5 Kd7 
34.Kh4 Ke7 35.Kh5 Kd7 36.Kg5 Ke8 37.a3 Kd7 38.Kh5 Ke8 39.f5 Ke7 40.Kg5 
exf5 41.gxf5 Kd7 42.Kf4 Ke7 43.Kg5 Kd7 44.Kf4 1/2-1/2